HANDBOOK OF TRANSISTOR CIRCUITS (Record no. 567697)
[ view plain ]
| 000 -LEADER | |
|---|---|
| fixed length control field | 00289nam a22001217a 4500 |
| 020 ## - INTERNATIONAL STANDARD BOOK NUMBER | |
| International Standard Book Number | 572-00344-7 |
| 082 ## - DEWEY DECIMAL CLASSIFICATION NUMBER | |
| Classification number | 621.381528 LYT'H |
| 100 ## - MAIN ENTRY--PERSONAL NAME | |
| Personal name | LYTEL, ALLAN |
| 9 (RLIN) | 57411 |
| 245 ## - TITLE STATEMENT | |
| Title | HANDBOOK OF TRANSISTOR CIRCUITS |
| 260 ## - PUBLICATION, DISTRIBUTION, ETC. | |
| Place of publication, distribution, etc. | ENGLAND |
| Name of publisher, distributor, etc. | FOULSHMAN SAMA |
| Date of publication, distribution, etc. | 1965 |
| 300 ## - PHYSICAL DESCRIPTION | |
| Extent | 244P |
| 942 ## - ADDED ENTRY ELEMENTS (KOHA) | |
| Koha item type | Book |
| Withdrawn status | Lost status | Damaged status | Not for loan | Permanent Location | Current Location | Shelving location | Date acquired | Total Checkouts | Full call number | Barcode | Date last seen | Price effective from | Koha item type |
|---|---|---|---|---|---|---|---|---|---|---|---|---|---|
| College of Electrical & Mechanical Engineering (CEME) | College of Electrical & Mechanical Engineering (CEME) | Reference | 07/13/2017 | 621.381528 LYT'H | CEME-24966 | 06/28/2021 | 06/28/2021 | Book |
